| 000 | 00424nam a2200181Ia 4500 | ||
|---|---|---|---|
| 008 | 230524s9999 xx 000 0 und d | ||
| 020 | _a9789384559069 | ||
| 082 |
_a624.171 _bRAM |
||
| 100 | _aS.Ramamrutham | ||
| 245 | 0 | _aTheory of Structures | |
| 250 | _a9 | ||
| 260 |
_aNew Delhi _bDhanpat Rai _c2014 |
||
| 300 | _a1272p; | ||
| 500 | _aQuantity Number: 40 | ||
| 650 | _aCivil | ||
| 700 | _aR.Narayan | ||
| 942 | _cBK | ||
| 999 |
_c54930 _d54930 |
||